| Tag |
First Indicator |
Second Indicator |
Subfields |
| LEADER |
00000cam a2200000 i 4500 |
| 001 |
in00005654521 |
| 008 |
240907s2024 gw ac bc 000 0deng d |
| 005 |
20250802185313.8 |
| 035 |
|
|
|a (OCoLC)on1454850841
|
| 040 |
|
|
|a YDX
|b eng
|e rda
|c YDX
|d BDX
|d CAM
|d OCLCO
|d OHX
|d BKL
|d OCLCO
|d TOH
|d BRL
|d IAY
|d OCLCO
|d CAM
|d TEU
|d S2H
|d CRU
|
| 020 |
|
|
|a 9783791377742
|
| 020 |
|
|
|a 3791377744
|
| 035 |
|
|
|a (OCoLC)1454850841
|
| 043 |
|
|
|a n-us---
|
| 050 |
|
4 |
|a ND237.D3326
|b A4 2024
|
| 082 |
0 |
4 |
|a 759.13
|2 23/eng/20250326
|
| 245 |
0 |
0 |
|a Noah Davis /
|c edited by Wells Fray-Smith, Paola Malavassi and Eleanor Nairne.
|
| 264 |
|
1 |
|a Munich ;
|a London ;
|a New York :
|b Prestel,
|c 2024.
|
| 300 |
|
|
|a 269 pages :
|b illustrations (chiefly color), portraits ;
|c 25 cm
|
| 336 |
|
|
|a text
|b txt
|2 rdacontent
|
| 336 |
|
|
|a still image
|b sti
|2 rdacontent
|
| 337 |
|
|
|a unmediated
|b n
|2 rdamedia
|
| 338 |
|
|
|a volume
|b nc
|2 rdacarrier
|
| 500 |
|
|
|a Published on the occasion of an exhibition of the same name held at DAS MINSK, Potsdam, September 7, 2024-January 5, 2025; Barbican Art Gallery, London, February 6-May 11, 2025; and Hammer Museum, Los Angeles, June 8-August 31, 2025.
|
| 500 |
|
|
|a Text by Eleanor Nairne, Helen Molesworth, Marlene Dumas, Paola Malavassi, T.J. Clark, Karon Davis, Francesco Clemente, Dawoud Bey, Tina M. Campt, Jason Moran, Wells Fray-Smith, and Claudia Rankine; chronology compiled by Colm Guo-Lin Peare.
|
| 505 |
0 |
|
|a Introduction / by Shanay Jhaveri, Paola Malavassi, Ann Philbin -- Noah Davis and the magic quotidian / by Eleanor Nairne -- Helen Molesworth on 40 acres and a unicorn, 2007 -- Marlene Dumas on Single mother with father out of the picture, 2007-8 -- Noah Davis: so magic, so real / by Paola Malavassi -- T.J. Clark on The architect, 2009 -- Karon Davis on Isis, 2009 -- Francesco Clemente on Painting for my dad, 2011 -- Dawoud Bey on 1975, 2013 -- Black-ground: Noah Davis and the spatial frequencies of the black everyday / by Tina M. Campt -- Jason Moran on Pueblo del Rio : concerto, 2014 -- Noah Davis, the architect / by Wells Fray-Smith -- Untitled, 2015 / by Claudia Rankine -- Chronology / compiled by Colm guo-Lin Peare.
|
| 504 |
|
|
|a Includes bibliographical references.
|
| 520 |
|
|
|a "This striking exhibition catalog celebrates the late artist whose deeply emotional works intermingled realism with abstraction to address complex themes of identity, race, and community. American artist Noah Davis (1983-2015) believed 'painting does something to your soul that nothing else can. It is visceral and immediate.' Drawing on art history, personal archives, anonymous photography found in Los Angeles' flea markets, and his own imagination, he compiled a ravishing body of figurative paintings that explore a range of Black life. Alongside his celebrated paintings, Davis made drawings, collages, and sculptures, and co-founded the Underground Museum. This elegantly designed volume documents the span of Davis's career and attends to his commitment to representation in the art world and community engagement at the Underground Museum. Alongside new scholarship from writers, artists, and musicians like Tina M. Campt, Claudia Rankine, Marlene Dumas, and Jason Moran, this catalog features high-quality reproductions of Davis's more widely-known works as well as previously unseen archival material. A vital resource for understanding the depth and significance of his practice, this beautiful publication reveals how humanity, humor, imagination, and above all, people, were the epicenter of Davis's work." --Amazon.
|
| 600 |
1 |
0 |
|a Davis, Noah,
|d 1983-2015
|v Exhibitions.
|
| 600 |
1 |
0 |
|a Davis, Noah,
|d 1983-2015
|x Criticism and interpretation.
|
| 600 |
1 |
0 |
|a Davis, Noah,
|d 1983-2015
|x Themes, motives.
|
| 650 |
|
0 |
|a African American painting
|y 21st century
|v Exhibitions.
|
| 650 |
|
0 |
|a Painting, American
|y 21st century
|v Exhibitions.
|
| 650 |
|
0 |
|a African Americans in art
|v Exhibitions.
|
| 650 |
|
6 |
|a Peinture américaine
|y 21e siècle
|v Expositions.
|
| 650 |
|
6 |
|a Noirs américains dans l'art
|v Expositions.
|
| 650 |
|
6 |
|a Peinture noire américaine
|y 21e siècle
|v Expositions.
|
| 655 |
|
7 |
|a exhibition catalogs.
|2 aat
|
| 655 |
|
7 |
|a Exhibition catalogs.
|2 lcgft
|
| 655 |
|
7 |
|a Illustrated works.
|2 lcgft
|
| 655 |
|
7 |
|a Essays.
|2 lcgft
|
| 655 |
|
7 |
|a Catalogues d'exposition.
|2 rvmgf
|
| 655 |
|
7 |
|a Ouvrages illustrés.
|2 rvmgf
|
| 700 |
1 |
|
|a Fray-Smith, Wells,
|e editor,
|e contributor.
|1 https://id.oclc.org/worldcat/entity/E39PCjwqfTcQmVGv6rpGdfBvwP
|
| 700 |
1 |
|
|a Malavassi, Paola,
|e editor,
|e contributor.
|1 https://id.oclc.org/worldcat/entity/E39PCjr8tyWymYJFChRDTgwR83
|
| 700 |
1 |
|
|a Nairne, Eleanor,
|e editor,
|e contributor.
|1 https://id.oclc.org/worldcat/entity/E39PCjHDKv9prqQXfJxVPV3fMd
|
| 700 |
1 |
|
|a Molesworth, Helen,
|d 1966-
|e contributor.
|1 https://id.oclc.org/worldcat/entity/E39PCjt9qmJRRD9kcKbHhvT4dP
|
| 700 |
1 |
|
|a Dumas, Marlene,
|d 1953-
|e contributor.
|1 https://id.oclc.org/worldcat/entity/E39PBJppD4X6rCvDW74p4rHQv3
|
| 700 |
1 |
|
|a Clark, T. J.
|q (Timothy J.),
|e contributor.
|1 https://id.oclc.org/worldcat/entity/E39PBJcgx7xFjPTmf97HJKYgKd
|
| 700 |
1 |
|
|a Davis, Karon,
|d 1977-
|e contributor.
|1 https://id.oclc.org/worldcat/entity/E39PCjBFXKPjTY79Vp8mbyCWjC
|
| 700 |
1 |
|
|a Clemente, Francesco,
|d 1952-
|e contributor.
|1 https://id.oclc.org/worldcat/entity/E39PBJvCRdrwQTB6kFCyh648YP
|
| 700 |
1 |
|
|a Bey, Dawoud,
|d 1953-
|e contributor.
|1 https://id.oclc.org/worldcat/entity/E39PBJk8XgG6V9XYr638cmM773
|
| 700 |
1 |
|
|a Campt, Tina,
|d 1964-
|e contributor.
|1 https://id.oclc.org/worldcat/entity/E39PCjxJqMkQ9cmJRGXK7qVfRq
|
| 700 |
1 |
|
|a Moran, Jason,
|e contributor.
|1 https://id.oclc.org/worldcat/entity/E39PBJv4kBV9m83PCf4BrjC4v3
|
| 700 |
1 |
|
|a Fray-Smith, Wells,
|e contributor.
|1 https://id.oclc.org/worldcat/entity/E39PCjwqfTcQmVGv6rpGdfBvwP
|
| 700 |
1 |
|
|a Rankine, Claudia,
|d 1963-
|e contributor.
|1 https://id.oclc.org/worldcat/entity/E39PBJhRJfR7mKqpBp4R6jDyVC
|
| 700 |
1 |
|
|a Davis, Noah,
|d 1983-2015,
|e artist.
|1 https://id.oclc.org/worldcat/entity/E39PBJqQyvYHrjw6pKKR8ByPQq
|
| 710 |
2 |
|
|a Das Minsk (Art museum),
|e host institution.
|
| 710 |
2 |
|
|a Barbican Art Gallery,
|e host institution.
|
| 710 |
2 |
|
|a Hammer Museum,
|e host institution.
|
| 852 |
8 |
|
|b POD
|z This title is available for the library to purchase for your use. Click the "Purchase It For Me" button to place a request. This item will take 5-10 business days to arrive.
|
| 955 |
|
|
|a Print PDA title
|
| 961 |
|
|
|m 565730
|
| 999 |
f |
f |
|s e1c1a05d-96e9-45eb-a9fc-1f16ba41fc2f
|i 0630689a-b8ab-43a6-a699-8baec8ed54d0
|t 0
|
| 952 |
f |
f |
|a Texas A&M University
|b College Station
|c Sterling C. Evans Library
|d Purchase on Demand
|t 0
|e ND237.D3326 A4 2024
|h Library of Congress classification
|
| 998 |
f |
f |
|a ND237.D3326 A4 2024
|t 0
|l Purchase on Demand
|